000 00394nam a22001697a 4500
005 20160513104349.0
008 160513b xxu||||| |||| 00| 0 eng d
020 _a0-07-463974-9
041 _aeng
082 _b1830
100 _aN.D. Vohra
_9540
245 _aQuantitative Techigues in Management
260 _bMCGRAW HILL
_c2004
300 _a929
650 _aManagement
_9241
942 _cBK
999 _c706
_d706